000 00572nam a2200169Ia 4500
003 GCL
008 140319s9999 xx 000 0 ara d
040 _aGCL /
_cGCL
082 0 4 _a910.133
_bم.م
100 1 _aمحمود محمد سيف
245 1 0 _aالمواقع الصناعية: دراسة تحليلية فى الجغرافية الاقتصادية /
_cمحمود محمد سيف
260 _a[S.N] :
_bدار المعرفة الجامعية ،
_c1986
300 _a428 ص
490 _a
650 0 4 _aالجغرافيا الاقتصادية
942 _2ddc
_cBK
999 _c51021
_d51021